000 00655nab a2200205 a 4500
005 20210219155315.0
008 991125s1985 mx 000 0 spa u
035 _aUPN01000142725
100 1 _aMéndez Brito, María Magdalena
222 _aXICTLI
245 _aLa inserción de las tecnologías de la información y la comunicación en el trabajo del docente de primaria : relato de una experiencia
260 _aMéxico
300 _a2-10
362 0 _a2005 Año 15, no. 58, abr.-jun.
653 0 _aNUEVAS TECNOLOGIAS
653 0 _aEDUCACION PRIMARIA
653 0 _aCALIDAD EDUCATIVA
653 0 _aACTUALIZACION DOCENTE
905 _aArticulo
999 _c114872
_d114872